Correspondence and disquotation : (Record no. 23239)
[ view plain ]
| 000 -LEADER | |
|---|---|
| fixed length control field | 01272cam a2200301 a 4500 |
| 001 - CONTROL NUMBER | |
| control field | 4888388 |
| 005 - DATE AND TIME OF LATEST TRANSACTION | |
| control field | 20170126083447.0 |
| 008 - FIXED-LENGTH DATA ELEMENTS--GENERAL INFORMATION | |
| fixed length control field | 930510s1994 nyu b 001 0 eng |
| 010 ## - LIBRARY OF CONGRESS CONTROL NUMBER | |
| LC control number | 93024742 |
| 020 ## - INTERNATIONAL STANDARD BOOK NUMBER | |
| International Standard Book Number | 0195079248 (cloth : acidfree paper) : |
| Terms of availability | $35.00 |
| 040 ## - CATALOGING SOURCE | |
| Original cataloging agency | DLC |
| Transcribing agency | DLC |
| Modifying agency | DLC |
| 050 00 - LIBRARY OF CONGRESS CALL NUMBER | |
| Classification number | BD171 |
| Item number | .D285 1994 |
| 100 1# - MAIN ENTRY--PERSONAL NAME | |
| Personal name | David, Marian Alexander, |
| Dates associated with a name | 1959- |
| 245 10 - TITLE STATEMENT | |
| Title | Correspondence and disquotation : |
| Remainder of title | an essay on the nature of truth / |
| Statement of responsibility, etc. | Marian David. |
| 260 ## - PUBLICATION, DISTRIBUTION, ETC. (IMPRINT) | |
| Place of publication, distribution, etc. | New York : |
| Name of publisher, distributor, etc. | Oxford University Press, |
| Date of publication, distribution, etc. | 1994. |
| 300 ## - PHYSICAL DESCRIPTION | |
| Extent | x, 206 p. : |
| Dimensions | 22 cm. |
| 504 ## - BIBLIOGRAPHY, ETC. NOTE | |
| Bibliography, etc | Includes bibliographical references (p. 193-198) and index. |
| 650 #0 - SUBJECT ADDED ENTRY--TOPICAL TERM | |
| Topical term or geographic name as entry element | Truth |
| General subdivision | Correspondence theory. |
| 650 #0 - SUBJECT ADDED ENTRY--TOPICAL TERM | |
| Topical term or geographic name as entry element | Truth. |
| 740 0# - ADDED ENTRY--UNCONTROLLED RELATED/ANALYTICAL TITLE | |
| Uncontrolled related/analytical title | Disquotation. |
| 856 42 - ELECTRONIC LOCATION AND ACCESS | |
| Materials specified | Publisher description |
| Uniform Resource Identifier | <a href="http://www.loc.gov/catdir/enhancements/fy0604/93024742-d.html">http://www.loc.gov/catdir/enhancements/fy0604/93024742-d.html</a> |
| 942 ## - ADDED ENTRY ELEMENTS (KOHA) | |
| Source of classification or shelving scheme | |
| Koha item type | Hard Covered Materials |
| Classification part | BD171 .D285 1994 |
| Withdrawn status | Lost status | Source of classification or shelving scheme | Damaged status | Not for loan | Home library | Current library | Shelving location | Date acquired | Source of acquisition | Total Checkouts | Full call number | Barcode | Date last seen | Price effective from | Koha item type |
|---|---|---|---|---|---|---|---|---|---|---|---|---|---|---|---|
| MACHAKOS UNIVERSITY LIBRARY | MACHAKOS UNIVERSITY LIBRARY | Open shelf | 26/01/2017 | Donation(BFA) | BD171 .D285 1994 | 32291 | 26/01/2017 | 26/01/2017 | Hard Covered Materials |